Normal view
MARC view
- Pahlavan, Kaveh , Levesque, Allen H
Entry Personal Name
001 - CONTROL NUMBER
- control field: 67581
003 - CONTROL NUMBER IDENTIFIER
- control field: NUST
005 - DATE AND TIME OF LATEST TRANSACTION
- control field: 20210628203843.0
008 - FIXED-LENGTH DATA ELEMENTS
- fixed length control field: 210628|| aca||aabn | a|a d
040 ## - CATALOGING SOURCE
- Original cataloging agency: NUST
- Transcribing agency: NUST
100 ## - HEADING--PERSONAL NAME
- Personal name: Pahlavan, Kaveh , Levesque, Allen H
670 ## - SOURCE DATA FOUND
- Source citation: Work cat.: (NUST): Pahlavan, Kaveh , Levesque, Allen H, Wireless information networks, 1995
